000 00436nam a2200169 a 4500
005 20140310183321.0
008 060303s19uu xx 00 eng d
020 _a0440222788
050 _aPS 3569
_b.St849 1997
100 _aStewart, Edward
245 _aJury double /
_cEdward Stewart.
260 _aNew York :
_bDell Publishing,
_c1997.
300 _a488 p. :
_c18 cm.
650 _aFiction
942 _cBK
_2lcc
999 _c21388
_d21388